000 01100nam a2200289Ia 4500
001 ebr10318127
003 CaPaEBR
006 m u
007 cr cn|||||||||
008 081121s2009 maua s 001 0 eng d
020 _z9781598639063
020 _z1598639064
040 _aCaPaEBR
_cCaPaEBR
035 _a(OCoLC)549601882
050 1 4 _aQA76.575
_b.S63 2009eb
100 1 _aSnow, Michael.
245 1 0 _aGame programming with Silverlight
_h[electronic resource] /
_cMichael Snow.
260 _aBoston, MA :
_bCourse Technology/Cengage Learning,
_cc2009.
300 _axv, 257 p. :
_bill.
500 _aIncludes index.
533 _aElectronic reproduction.
_bPalo Alto, Calif. :
_cebrary,
_d2009.
_nAvailable via World Wide Web.
_nAccess may be limited to ebrary affiliated libraries.
630 0 0 _aSilverlight (Electronic resource)
650 0 _aComputer games
_xProgramming.
655 7 _aElectronic books.
_2local
710 2 _aebrary, Inc.
856 4 0 _uhttp://site.ebrary.com/lib/rucke/Doc?id=10318127
_zAn electronic book accessible through the World Wide Web; click to view
999 _c59656
_d59656